000 00602 a2200193 4500
999 _c1656
_d1656
020 _a0710208081
050 0 0 _aLA 217 SIE 1988
100 1 _aSiegel, Harvey
_eAuthor
245 1 0 _aEducating reason :
_brationality, critical thinking, and education /
_cHarvey Siegel
264 _aNew York:
_bRoutledge,
_c1988
300 _axiii, 191 p.
440 0 _aPhilosophy of education research library
500 _aIncludes index.
504 _aBibliography: p. [177]-186.
650 0 _aEducation
_xAims and objectives
650 0 _aCritical thinking
650 0 _aReasoning.
942 _2lcc
_cBK
_h217
_iSIE
_kLA